G.K. Klein: Strojitělnaja mechanika sypučich těl

Bibliographic Details
Main Authors: Masopust, Rudolf (Author), Klein, G.K (Author)
Format: Article
Language:Slovak
Czech
Subjects:

MARC

LEADER 00000nab a2200000 a 4500
001 vtls000021978
003 SK-MaSNL
005 20260418083747.0
008 250422c1978 xo 0 slo
015 |a SNBRB19rr/mm-uuuuu 
035 |a CL0032072 
035 |a urn:nbn:sk:snk-ab2rl1 
035 |a (urnnbn)urn:nbn:sk:snk:ar-a02ug6 
035 |a (uuid)19360a82-ea64-4be9-901c-04d3e381ac8c 
040 |a SNKBUCL  |b slo  |c SNKBUCL  |e AACR2 
041 0 |a cze 
044 |a xo  |c SK 
080 |a 624.1  |2 1981 
100 1 |a Masopust, Rudolf  |4 aut  |9 1637249 
245 1 0 |a G.K. Klein: Strojitělnaja mechanika sypučich těl  |c Rudolf Masopust ; G.K. Klein 
650 0 7 |a sypké materiály  |2 snkbucl  |9 78864 
655 7 |a články z novín a časopisov  |2 snkbucl  |9 267496 
700 1 |a Klein, G.K.  |4 aut  |9 1365044 
773 0 |t Inženýrské stavby  |g Roč. 26, č. 10 (1978), s. 506 
787 0 8 |i Rec.:  |a Klein, G.K.  |t Strojitělnaja mechanika sypučich těl  |d Moskva : Strojizdat, 1977 
850 |a Slovenská národná knižnica 
852 |a Slovenská národná knižnica 
954 |a odborná, vedecká literatúra cudzojazyčná (svetová)  |2 lita 
958 |a article2022 
958 |a RK 
958 |a CZ 
958 |a OND 
958 |a EUIPO 
992 |a RBX 
999 |c 2779021  |d 2780951